Statistics for Brazil Country Quiz

Click here to take the quiz!

General Stats

  • This quiz has been taken 38 times
  • The average score is 18 of 59

Answer Stats

HintAnswer% Correct
CapitalBrasilia
94%
Above are both suburbs of.......Sao Paolo
76%
CurrencyReal
65%
Capital of AmazonasManaus
59%
Beach in Rio (Where olympic volleyball was played)Copacabana
53%
Capital of CearaFortaleza
53%
Beach in Rio (The girl from _________)Ipanema
53%
Swampy region in Mato GrossoPantanal
53%
Capital of PernambucoRecife
53%
Capital of BahiaSalvador
53%
Capital of Minas GeraisBelo Horizonte
47%
Capital of ParaBelem
41%
Christ the Redeemer is on top of what mountainCorcovado
41%
Capital of ParanaCuritiba
41%
Capital of ParaibaJoao Pessoa
41%
Capital of Rio Grande do NorteNatal
41%
Pranaiba and Grand River form the _____________ RiverParana
41%
Capital of Rio Grande do SulPorto Alegre
41%
Capital of RondoniaPorto Velho
41%
Capital of MaranhaoSao Luis
41%
Mountain in Rio de Janeiro (city)Sugarloaf Mountain
41%
Capital of PiauiTeresina
41%
Capital of Espirito SantoVitoria
41%
Capital of SergipeAracaju
35%
Capital of RoraimaBoa Vista
35%
Capital of Mato Grosso do SulCampo Grande
35%
Capital of Santa CatarinaFlorianopolis
35%
Brazilian city near Iguazu FallsFoz do Iguacu
35%
Capital of GoiasGoiania
35%
Capital of AmapaMacapa
35%
Capital of TocantinsPalmas
35%
Above is in what state?Acre
29%
Second largest city not a state capitalCampinas
29%
Largest city not a state capitalGuarulhos
29%
Capital of AlagoasMaceio
29%
Capital of AcreRio Branco
29%
Longest river completely in Sao Paolo (state)Tiete River
29%
The mouth of the Doce River is in what state?Espirito Santo
24%
Island group which shares its name with its main island, large tourist attractionFernando de Noronha
24%
Highest Point in BrazilPico Da Neblina
24%
Third largest city in ParaSantarem
24%
River between Misiones (Argentina) and Parana (Brazil)Iguazu River
18%
River in the aboveMadeira River
18%
Easternmost point: Ponta do _______Seixas
18%
River between Tacantins and ParaAraguaia River
12%
City at the confluence of Tocantins and Itacaiunas RiversMaraba
12%
Large lake on Brazil-Uruguay Border: Lagoa ______Mirim
12%
Above is in what mountain rangeSerra do Imeri
12%
The Canoas and Pelotas Rivers form the _______ RiverUruguay
12%
Second largest city in ParaAnanindeua
6%
Highest mountain range in Sao Paolo (State)Mantiqueira Mountains
6%
Iriri River is a tributary of what river?Rio Xingu
6%
Largest lake in BahiaSobradinho Reservoir
6%
Boa Vista is on what river of Roraima?Branco River
0%
Longest tributary of the Uruguay RiverIbicui River
0%
Arinos River is a tributary of what river?Juruena River
0%
Lake on Brazil-Bolivia BorderLake Uberaba
0%
Northernmost point (Mountain in Roraima)Mt. Caburai
0%
Westernmost point of Brazil is in what national ParkSerra do Divisor National Park
0%

Score Distribution

Percentile by Number Answered

Percent of People with Each Score

Your Score History

You have not taken this quiz